[Event "Steinfurt Bezirksklasse 1718"]
[Site "Germany"]
[Date "2018.01.20"]
[Round "4.1"]
[White "Herick, Maria"]
[Black "Wienker, Christian"]
[Result "1/2-1/2"]
[WhiteElo "1317"]
[BlackElo "1353"]
[PlyCount "41"]
[EventDate "2017.10.07"]
[EventType "team-tourn"]
[EventRounds "7"]
[EventCountry "GER"]
[SourceTitle "EXT 2019"]
[Source "ChessBase"]
[SourceDate "2018.10.10"]
[SourceVersion "1"]
[SourceVersionDate "2018.10.10"]
[SourceQuality "1"]
[WhiteTeam "Steinfurt IV"]
[BlackTeam "Emsdetten Rochade VI"]
[WhiteTeamCountry "GER"]
[BlackTeamCountry "GER"]

1. e4 e5 2. Nf3 Nc6 3. Bc4 Bc5 4. c3 Qf6 5. d4 exd4 6. cxd4 Nxd4 7. Nxd4 Bxd4 8. 0-0 Bxb2 9. Bxf7+ Qxf7 10. Bxb2 b6 11. Nd2 Ba6 12. Re1 0-0-0 13. Qa4 Kb7 14. Nb3 Qc4 15. Qxc4 Bxc4 16. Bxg7 Ne7 17. Bxh8 Rxh8 18. Rad1 d6 19. Rd4 Be6 20. Rb1 Nc6 21. Ra4 1/2-1/2

[Event "Steinfurt Bezirksklasse 1516"]
[Site "Germany"]
[Date "2015.12.05"]
[Round "4.5"]
[White "Wienker, Christian"]
[Black "Schroer, Erik"]
[Result "1-0"]
[WhiteElo "1407"]
[BlackElo "765"]
[PlyCount "55"]
[EventDate "2015.09.05"]
[EventType "team-tourn"]
[EventRounds "9"]
[EventCountry "GER"]
[SourceTitle "EXT 2017"]
[Source "ChessBase"]
[SourceDate "2016.10.25"]
[SourceVersion "1"]
[SourceVersionDate "2016.10.25"]
[SourceQuality "1"]
[WhiteTeam "Emsdetten Rochade V"]
[BlackTeam "Steinfurt V"]
[WhiteTeamCountry "GER"]
[BlackTeamCountry "GER"]

1. d4 e6 2. Nf3 Bd6 3. a3 Nc6 4. Bg5 Be7 5. Bf4 Nf6 6. e3 0-0 7. h3 d6 8. Bd3 Bd7 9. 0-0 d5 10. b4 Bd6 11. Bg5 e5 12. dxe5 Bxe5 13. Nxe5 Nxe5 14. Be2 Bc6 15. Qd4 Qd6 16. Bf4 Rfe8 17. Rd1 Nfd7 18. Bf3 b6 19. c4 Ba4 20. Rd2 Re6 21. Bxd5 Rf6 22. Bxa8 Qf8 23. Bxe5 Rg6 24. Be4 Rg5 25. Bf4 Rh5 26. Bf3 Rf5 27. Nc3 Nf6 28. Nxa4 1-0

[Event "Steinfurt Bezirksklasse 1415"]
[Site "Germany"]
[Date "2015.04.25"]
[Round "8.4"]
[White "Wienker, Christian"]
[Black "Kretschmer, Steffen"]
[Result "1-0"]
[WhiteElo "1404"]
[BlackElo "1272"]
[PlyCount "42"]
[EventDate "2014.09.20"]
[EventType "team-tourn"]
[EventRounds "9"]
[EventCountry "GER"]
[SourceTitle "EXT 2016"]
[Source "ChessBase"]
[SourceDate "2015.10.08"]
[SourceVersion "1"]
[SourceVersionDate "2015.10.08"]
[SourceQuality "1"]
[WhiteTeam "Emsdetten Rochade IV"]
[BlackTeam "Ibbenbueren III"]
[WhiteTeamCountry "GER"]
[BlackTeamCountry "GER"]

1. d4 e6 2. c4 d5 3. Bf4 Bd6 4. Bg3 Bxg3 5. hxg3 Nf6 6. e3 Nbd7 7. Nf3 h6 8. Nbd2 b6 9. Qa4 Ne4 10. Qb4 Bb7 11. Nxe4 dxe4 12. Nd2 f5 13. Be2 g6 14. g4 Qf6 15. gxf5 exf5 16. c5 0-0-0 17. Qa3 a6 18. Bxa6 bxc5 19. Bxb7+ Kxb7 20. Nb3 Qb6 21. 0-0 Qb4 1-0

[Event "Steinfurt Bezirksklasse 1415"]
[Site "Germany"]
[Date "2014.10.25"]
[Round "2.4"]
[White "Bakker, David"]
[Black "Wienker, Christian"]
[Result "0-1"]
[WhiteElo "1052"]
[BlackElo "1404"]
[PlyCount "56"]
[EventDate "2014.09.20"]
[EventType "team-tourn"]
[EventRounds "9"]
[EventCountry "GER"]
[SourceTitle "EXT 2016"]
[Source "ChessBase"]
[SourceDate "2015.10.08"]
[SourceVersion "1"]
[SourceVersionDate "2015.10.08"]
[SourceQuality "1"]
[WhiteTeam "Steinfurt IV"]
[BlackTeam "Emsdetten Rochade IV"]
[WhiteTeamCountry "GER"]
[BlackTeamCountry "GER"]

1. e4 e5 2. Bc4 Nc6 3. Nf3 Be7 4. Nc3 Nf6 5. d3 0-0 6. Bg5 d6 7. Qd2 Be6 8. Bxe6 fxe6 9. 0-0-0 Nd4 10. Bxf6 Rxf6 11. Rdf1 a5 12. Nxd4 exd4 13. Ne2 e5 14. g4 Rf3 15. Qd1 b5 16. Nxd4 Bg5+ 17. Kb1 Rh3 18. Nxb5 a4 19. a3 c5 20. Nc3 Qb6 21. Nd5 Qb7 22. c4 Rb8 23. Qc2 Rxd3 24. b4 Rxa3 25. b5 Rh3 26. Qxa4 Ra8 27. Qc2 Qa7 28. Qa2 Qxa2# 0-1

[Event "Steinfurt Bezirksklasse 1314"]
[Site "Germany"]
[Date "2014.05.24"]
[Round "9.2"]
[White "Bakker, David"]
[Black "Wienker, Christian"]
[Result "0-1"]
[WhiteElo "1068"]
[BlackElo "1356"]
[PlyCount "72"]
[EventDate "2013.10.05"]
[EventType "team-tourn"]
[EventRounds "9"]
[EventCountry "GER"]
[SourceTitle "EXT 2015"]
[Source "ChessBase"]
[SourceDate "2014.11.20"]
[SourceVersion "1"]
[SourceVersionDate "2014.11.20"]
[SourceQuality "1"]
[WhiteTeam "Steinfurt IV"]
[BlackTeam "Emsdetten Rochade IV"]
[WhiteTeamCountry "GER"]
[BlackTeamCountry "GER"]

1. e4 e5 2. Nf3 Nc6 3. Nc3 Bc5 4. Bc4 h6 5. 0-0 Nf6 6. a3 d6 7. b4 Bb6 8. b5 Nd4 9. Nxd4 Bxd4 10. h3 b6 11. Rb1 0-0 12. Nd5 Nxe4 13. d3 Nc3 14. Nxc3 Bxc3 15. Bd5 Rb8 16. Rb3 Ba5 17. c3 Kh8 18. Re1 Qh4 19. Re4 Qe7 20. d4 f6 21. f4 Bf5 22. Re1 Rbd8 23. g4 Bg6 24. Kg2 Qd7 25. dxe5 dxe5 26. fxe5 fxe5 27. Rxe5 Bf7 28. c4 Qd6 29. Rbe3 Qf6 30. Qf3 Bxd5 31. Qxd5 Rxd5 32. Rxd5 Qf2+ 33. Kh1 Qf1+ 34. Kh2 Qxc1 35. Re7 Qc2+ 36. Kg3 Qf2# 0-1

[Event "Steinfurt Bezirksliga 1314"]
[Site "Germany"]
[Date "2014.01.25"]
[Round "5.8"]
[White "Kaisel, Rene"]
[Black "Wienker, Christian"]
[Result "1-0"]
[WhiteElo "1400"]
[BlackElo "1385"]
[PlyCount "113"]
[EventDate "2013.09.14"]
[EventType "team-tourn"]
[EventRounds "9"]
[EventCountry "GER"]
[SourceTitle "EXT 2015"]
[Source "ChessBase"]
[SourceDate "2014.11.20"]
[SourceVersion "1"]
[SourceVersionDate "2014.11.20"]
[SourceQuality "1"]
[WhiteTeam "Neuenkirchen II"]
[BlackTeam "Emsdetten Rochade III"]
[WhiteTeamCountry "GER"]
[BlackTeamCountry "GER"]

1. e4 e5 2. Nf3 Nc6 3. Bb5 d6 4. d4 Bd7 5. d5 Nce7 6. Bxd7+ Qxd7 7. h3 Nf6 8. Nc3 Ng6 9. Bg5 Be7 10. Qd3 h6 11. Bh4 Nf4 12. Qf1 a6 13. Bg3 b5 14. Bxf4 exf4 15. a3 0-0 16. Qe2 c5 17. 0-0 Nh5 18. e5 dxe5 19. Qxe5 Nf6 20. Qxf4 Nxd5 21. Nxd5 Qxd5 22. Rfd1 Qb7 23. Rd2 Bf6 24. c3 Rfe8 25. Rad1 Re6 26. Rd7 Qb8 27. Qf5 Qb6 28. Qd5 Rae8 29. Qh5 Rf8 30. R1d5 b4 31. Rxc5 bxa3 32. bxa3 Qb3 33. Rcc7 Qb1+ 34. Kh2 Qg6 35. Qxg6 fxg6 36. c4 Rb8 37. Rd2 Rb2 38. Rxb2 Bxb2 39. a4 Re2 40. Kg3 Rc2 41. Rc6 a5 42. Ne1 Be5+ 43. Kf3 Rc3+ 44. Ke4 Bf6 45. Nd3 Ra3 46. Nc5 Bh4 47. g3 Bg5 48. Ra6 Bd2 49. Kd5 Bb4 50. Rxg6 Rf3 51. Na6 Be1 52. c5 Bxf2 53. c6 Bxg3 54. c7 Kh7 55. Rxg3 Rxg3 56. c8Q Rd3+ 57. Kc4 1-0

[Event "Steinfurt Bezirksklasse 1213"]
[Site "Germany"]
[Date "2012.11.03"]
[Round "2.6"]
[White "Stoffers, Elsbeth"]
[Black "Wienker, Christian"]
[Result "1-0"]
[WhiteElo "1410"]
[BlackElo "1415"]
[PlyCount "85"]
[EventDate "2012.09.29"]
[EventType "team-tourn"]
[EventRounds "9"]
[EventCountry "GER"]
[SourceTitle "EXT 2015"]
[Source "ChessBase"]
[SourceDate "2014.11.20"]
[SourceVersion "1"]
[SourceVersionDate "2014.11.20"]
[SourceQuality "1"]
[WhiteTeam "Steinfurt III"]
[BlackTeam "Emsdetten Rochade III"]
[WhiteTeamCountry "GER"]
[BlackTeamCountry "GER"]

1. d4 d5 2. c4 Nf6 3. Nc3 b6 4. Nf3 e6 5. cxd5 Nxd5 6. Nxd5 Qxd5 7. a3 Bd6 8. e3 0-0 9. Qc2 c5 10. Bd3 g6 11. Be4 Qh5 12. Bxa8 f5 13. dxc5 Bxc5 14. h3 Ba6 15. Qa4 Qh6 16. Qh4 Qg7 17. Ng5 Qd7 18. Qxh7+ Qxh7 19. Nxh7 Kxh7 20. Bf3 Nd7 21. b4 Be7 22. Bb2 Nf6 23. Rc1 Bd6 24. Bxf6 Rxf6 25. Rc6 Be5 26. Kd2 Bb5 27. Rc8 Rf7 28. Bc6 Ba6 29. Ra8 Bc4 30. Rc1 Bb3 31. Be8 Re7 32. f4 Bf6 33. Rac8 Bd5 34. R1c7 Kh6 35. Rxe7 Bxe7 36. Rc7 Bf6 37. g4 fxg4 38. hxg4 g5 39. Rxa7 e5 40. f5 Bf3 41. Bh5 Be4 42. Bg6 Bf3 43. Rh7# 1-0

[Event "Steinfurt Bezirksliga 1213"]
[Site "Germany"]
[Date "2012.09.22"]
[Round "1.6"]
[White "Wienker, Christian"]
[Black "Raus, Christina"]
[Result "1-0"]
[WhiteElo "1415"]
[BlackElo "1447"]
[PlyCount "39"]
[EventDate "2012.09.22"]
[EventType "team-tourn"]
[EventRounds "9"]
[EventCountry "GER"]
[SourceTitle "EXT 2015"]
[Source "ChessBase"]
[SourceDate "2014.11.20"]
[SourceVersion "1"]
[SourceVersionDate "2014.11.20"]
[SourceQuality "1"]
[WhiteTeam "Emsdetten Rochade II"]
[BlackTeam "Steinfurt II"]
[WhiteTeamCountry "GER"]
[BlackTeamCountry "GER"]

1. d4 d5 2. c4 e6 3. Nf3 Nc6 4. Bf4 Nf6 5. e3 Bb4+ 6. Nbd2 b6 7. Qa4 Bd7 8. cxd5 Nxd4 9. Qd1 Nxf3+ 10. Qxf3 Nxd5 11. Be5 Nf6 12. Bxf6 gxf6 13. Rd1 Rc8 14. Ba6 Rb8 15. 0-0 Bxd2 16. Rxd2 Qe7 17. Qg3 Bc8 18. Bb5+ Kf8 19. Rfd1 Bb7 20. Rd7 1-0

[Event "Steinfurt Bezirksliga 1112"]
[Site "Germany"]
[Date "2012.03.31"]
[Round "7.7"]
[White "Niering, Bernhard"]
[Black "Wienker, Christian"]
[Result "1-0"]
[WhiteElo "1228"]
[BlackElo "1460"]
[PlyCount "45"]
[EventDate "2011.10.01"]
[EventType "team-tourn"]
[EventRounds "9"]
[EventCountry "GER"]
[SourceTitle "EXT 2013"]
[Source "ChessBase"]
[SourceDate "2012.11.22"]
[SourceVersion "1"]
[SourceVersionDate "2012.11.22"]
[SourceQuality "1"]
[WhiteTeam "Steinfurt III"]
[BlackTeam "Emsdetten Rochade III"]
[WhiteTeamCountry "GER"]
[BlackTeamCountry "GER"]

1. d4 d5 2. e3 Nf6 3. Bd3 Bg4 4. f3 Bh5 5. h4 Nc6 6. Bb5 e6 7. g4 a6 8. Ba4 b5 9. Bb3 Bg6 10. h5 Qd6 11. Ne2 Ne4 12. hxg6 Ng3 13. Rxh7 Rxh7 14. gxh7 Nxe2 15. f4 Ng3 16. h8Q a5 17. c3 b4 18. Qh4 Ne4 19. Ba4 Kd7 20. Qd3 Rb8 21. c4 Kc8 22. c5 Qd7 23. Qa6+ 1-0

[Event "Steinfurt Bezirksklasse 1112"]
[Site "Germany"]
[Date "2011.10.15"]
[Round "2.1"]
[White "Wienker, Christian"]
[Black "Willenberg, Johannes"]
[Result "1/2-1/2"]
[WhiteElo "1444"]
[BlackElo "1369"]
[PlyCount "79"]
[EventDate "2011.09.24"]
[EventType "team-tourn"]
[EventRounds "9"]
[EventCountry "GER"]
[SourceTitle "EXT 2013"]
[Source "ChessBase"]
[SourceDate "2012.11.22"]
[SourceVersion "1"]
[SourceVersionDate "2012.11.22"]
[SourceQuality "1"]
[WhiteTeam "Emsdetten Rochade IV"]
[BlackTeam "Reckenfeld II"]
[WhiteTeamCountry "GER"]
[BlackTeamCountry "GER"]

1. d4 d5 2. c4 dxc4 3. Nc3 e6 4. Nf3 Nf6 5. Bg5 Be7 6. e3 0-0 7. Bxc4 b6 8. 0-0 Bb7 9. Bf4 Bd6 10. Ne5 Nbd7 11. Bb5 Bb4 12. Rc1 Nxe5 13. Bxe5 Nd5 14. Nxd5 Qxd5 15. Qg4 f6 16. Bc4 Qxg2+ 17. Qxg2 Bxg2 18. Kxg2 fxe5 19. Bxe6+ Kh8 20. d5 Bd6 21. Rg1 g6 22. Rc4 Rf6 23. Rh4 Raf8 24. Rf1 Kg7 25. a3 g5 26. Rh3 h6 27. e4 Rf4 28. f3 Kg6 29. Bf5+ Kg7 30. Rg3 Rh4 31. Rg4 Rxg4+ 32. Bxg4 Bc5 33. Kg3 Kg6 34. Rh1 Rh8 35. Bf5+ Kg7 36. h4 Be7 37. h5 Kf6 38. Rc1 Bc5 39. Rc4 a5 40. Kg4 1/2-1/2

[Event "Steinfurt Bezirksliga 1011"]
[Site "Germany"]
[Date "2011.01.22"]
[Round "4.8"]
[White "Wienker, Christian"]
[Black "Trappe, Michael"]
[Result "0-1"]
[WhiteElo "1345"]
[BlackElo "1652"]
[PlyCount "120"]
[EventDate "2010.10.02"]
[EventType "team-tourn"]
[EventRounds "9"]
[EventCountry "GER"]
[SourceTitle "EXT 2012"]
[Source "ChessBase"]
[SourceDate "2011.11.24"]
[SourceVersion "1"]
[SourceVersionDate "2011.11.24"]
[SourceQuality "1"]
[WhiteTeam "Emsdetten Rochade II"]
[BlackTeam "Reckenfeld"]
[WhiteTeamCountry "GER"]
[BlackTeamCountry "GER"]

1. d4 Nf6 2. c4 e6 3. Nc3 d5 4. Bg5 Be7 5. e3 0-0 6. Nf3 dxc4 7. Bxc4 Nbd7 8. Ne5 Nxe5 9. dxe5 Nd7 10. Bf4 Bb4 11. Qc2 Nc5 12. Rd1 Qe7 13. 0-0 Bxc3 14. Qxc3 b6 15. Rd4 Bb7 16. b4 Ne4 17. Qc2 Rad8 18. Rxe4 Bxe4 19. Qxe4 Qxb4 20. Qc6 Qc3 21. Bb5 Qxc6 22. Bxc6 Rd2 23. a4 Rc2 24. Be4 Rc4 25. Bb7 Rxa4 26. h3 Rd8 27. Bg5 Rd2 28. Be7 c5 29. Bc6 Raa2 30. g4 h6 31. Kg2 a6 32. h4 c4 33. Bb4 Rdb2 34. Bc3 Rb3 35. Bd4 Kf8 36. Rc1 b5 37. Be4 Ke8 38. Bb1 Raa3 39. Bc2 Kd7 40. Bxb3 Rxb3 41. Kf3 Kc6 42. Ke2 Kd5 43. Kd2 a5 44. Kc2 Kc6 45. Rb1 Rd3 46. Rd1 Rxd1 47. Kxd1 b4 48. Kc2 Kd5 49. f3 a4 50. g5 hxg5 51. hxg5 g6 52. Ba1 a3 53. Bd4 b3+ 54. Kb1 Kc6 55. Ba7 Kb5 56. Bb8 c3 57. Bd6 c2+ 58. Kc1 a2 59. Kb2 a1Q+ 60. Kxa1 c1Q# 0-1

[Event "Steinfurt Bezirksklasse 1011"]
[Site "Germany"]
[Date "2010.09.25"]
[Round "1.1"]
[White "Wienker, Christian"]
[Black "Loges, Wilhelm"]
[Result "1/2-1/2"]
[WhiteElo "1352"]
[BlackElo "1716"]
[PlyCount "50"]
[EventDate "2010.09.25"]
[EventType "team-tourn"]
[EventRounds "9"]
[EventCountry "GER"]
[SourceTitle "EXT 2012"]
[Source "ChessBase"]
[SourceDate "2011.11.24"]
[SourceVersion "1"]
[SourceVersionDate "2011.11.24"]
[SourceQuality "1"]
[WhiteTeam "Emsdetten Rochade IV"]
[BlackTeam "Emsdetten Turm IV"]
[WhiteTeamCountry "GER"]
[BlackTeamCountry "GER"]

1. d4 Nf6 2. c4 e6 3. Nc3 Bb4 4. Bg5 h6 5. Bh4 Bxc3+ 6. bxc3 d5 7. e3 0-0 8. Nf3 b6 9. c5 bxc5 10. Qa4 c4 11. Be2 Bd7 12. Qa3 Nc6 13. 0-0 Re8 14. Ne5 g5 15. Bg3 Ne4 16. Bh5 Rf8 17. Qa6 Nxe5 18. Bxe5 Nxc3 19. f4 f6 20. Bg4 fxe5 21. Bxe6+ Bxe6 22. Qxe6+ Kg7 23. Qxe5+ Qf6 24. Qxc7+ Rf7 25. Qa5 Ne4 1/2-1/2

[Event "Steinfurt Bezirksklasse 0405"]
[Site "Germany"]
[Date "2004.11.13"]
[Round "3.4"]
[White "Wienker, Christian"]
[Black "Hebbelmann, Michael"]
[Result "0-1"]
[WhiteElo "1255"]
[BlackElo "1378"]
[PlyCount "98"]
[EventDate "2004.09.18"]
[EventType "team-tourn"]
[EventRounds "11"]
[EventCountry "GER"]
[SourceTitle "EXT 2006"]
[Source "ChessBase"]
[SourceDate "2005.11.24"]
[SourceVersion "1"]
[SourceVersionDate "2005.11.24"]
[SourceQuality "1"]
[WhiteTeam "Emsdetten Rochade IV"]
[BlackTeam "Westerkappeln II"]
[WhiteTeamCountry "GER"]
[BlackTeamCountry "GER"]

1. d4 d5 2. c4 e6 3. Nc3 Nf6 4. Bg5 Be7 5. Nf3 a6 6. e3 0-0 7. Ne5 Nbd7 8. Bf4 Nxe5 9. Bxe5 c6 10. c5 Nd7 11. Bg3 Bf6 12. Bd3 e5 13. dxe5 Nxe5 14. 0-0 Qa5 15. Bxe5 Bxe5 16. Qh5 Bxh2+ 17. Qxh2 h6 18. Qd6 Be6 19. a3 Rfd8 20. Qe7 Rd7 21. b4 Qc7 22. Qh4 Rad8 23. Na4 Qe5 24. Nb6 d4 25. Nxd7 Rxd7 26. exd4 Rxd4 27. Rfe1 Qxe1+ 28. Rxe1 Rxh4 29. g3 Rd4 30. Bb1 g5 31. Bc2 Rd2 32. Be4 Ra2 33. Re3 Rd2 34. Bf3 Kg7 35. Bh5 Rd8 36. Rf3 Rb8 37. Rd3 Bd5 38. Re3 Kf6 39. Kh2 Be6 40. Rf3+ Kg7 41. Rd3 Kf6 42. Rf3+ Ke7 43. Rd3 Rd8 44. Rxd8 Kxd8 45. f4 Ke7 46. fxg5 hxg5 47. Kg2 g4 48. Kf2 Kf6 49. Ke3 Kg5 0-1

[Event "Steinfurt Bezirksklasse 0405"]
[Site "Germany"]
[Date "2004.09.18"]
[Round "1.5"]
[White "Schneider, Karl Heinz"]
[Black "Wienker, Christian"]
[Result "1-0"]
[WhiteElo "1388"]
[BlackElo "1255"]
[PlyCount "83"]
[EventDate "2004.09.18"]
[EventType "team-tourn"]
[EventRounds "11"]
[EventCountry "GER"]
[SourceTitle "EXT 2006"]
[Source "ChessBase"]
[SourceDate "2005.11.24"]
[SourceVersion "1"]
[SourceVersionDate "2005.11.24"]
[SourceQuality "1"]
[WhiteTeam "Reckenfeld II"]
[BlackTeam "Emsdetten Rochade IV"]
[WhiteTeamCountry "GER"]
[BlackTeamCountry "GER"]

1. e4 e5 2. Nf3 Nc6 3. Bc4 Bc5 4. d3 Nf6 5. h3 0-0 6. 0-0 d6 7. a3 Be6 8. Ba2 Nd4 9. b4 Nxf3+ 10. Qxf3 Bb6 11. a4 a5 12. b5 Rc8 13. Bb2 c6 14. c4 Nd7 15. Qe2 Nc5 16. Nc3 Qg5 17. Bc1 Qg6 18. Kh2 Bd7 19. Be3 f5 20. Bxc5 Bxc5 21. exf5 Rxf5 22. Ne4 Bd4 23. Rac1 Rcf8 24. Rc2 Qh6 25. Nxd6 Qf4+ 26. g3 Qxf2+ 27. Rxf2 Rxf2+ 28. Qxf2 Rxf2+ 29. Rxf2 Bxf2 30. Nxb7 cxb5 31. cxb5+ Kf8 32. Nxa5 Ke7 33. Nc4 Bd4 34. Kg2 Bf5 35. Bb1 h6 36. g4 Be6 37. Ba2 Bf7 38. a5 Kd7 39. a6 Bg6 40. a7 Bxa7 41. Nxe5+ Kd6 42. Nxg6 1-0

[Event "Steinfurt Bezirksklasse 0304"]
[Site "Germany"]
[Date "2004.05.29"]
[Round "11.6"]
[White "Wienker, Christian"]
[Black "Schmalbrock, Andreas"]
[Result "1-0"]
[WhiteElo "1165"]
[BlackElo "1201"]
[PlyCount "94"]
[EventDate "2003.09.27"]
[EventType "team-tourn"]
[EventRounds "11"]
[EventCountry "GER"]
[SourceTitle "EXT 2005"]
[Source "ChessBase"]
[SourceDate "2004.11.15"]
[SourceVersion "1"]
[SourceVersionDate "2004.11.15"]
[SourceQuality "1"]
[WhiteTeam "Emsdetten Rochade IV"]
[BlackTeam "Nordwalde III"]
[WhiteTeamCountry "GER"]
[BlackTeamCountry "GER"]

1. d4 d5 2. c4 Bf5 3. Nc3 Nf6 4. Bg5 e6 5. e3 Bb4 6. Qa4+ Nc6 7. c5 0-0 8. Bb5 Be4 9. f3 Bf5 10. Bxc6 bxc6 11. Qxb4 Qe7 12. Nge2 Rab8 13. Qa3 h6 14. Bh4 e5 15. 0-0 exd4 16. Nxd4 Qxe3+ 17. Bf2 Qg5 18. Nxf5 Qxf5 19. Rfe1 Rfe8 20. Rxe8+ Rxe8 21. Qxa7 Qd7 22. h3 Nh5 23. Re1 Rxe1+ 24. Bxe1 Qe6 25. Kf2 d4 26. Ne4 Qc4 27. b4 Nf4 28. Kg3 Ne2+ 29. Kh2 Qc1 30. Bf2 d3 31. Qxc7 d2 32. Qd8+ Kh7 33. Qxd2 Qxd2 34. Nxd2 Nc3 35. a3 Kg6 36. Nb3 Nb5 37. a4 Nc3 38. a5 Nb5 39. Nd4 Nxd4 40. Bxd4 Kf5 41. Bxg7 Ke6 42. a6 Kd7 43. a7 f5 44. Bxh6 f4 45. Bxf4 Ke6 46. a8Q Kf5 47. Qf8+ Ke6 1-0

[Event "Steinfurt Bezirksklasse 0304"]
[Site "Germany"]
[Date "2004.03.20"]
[Round "8.5"]
[White "Wienker, Christian"]
[Black "Obradovic, Sasa"]
[Result "1/2-1/2"]
[WhiteElo "1165"]
[BlackElo "1409"]
[PlyCount "106"]
[EventDate "2003.09.27"]
[EventType "team-tourn"]
[EventRounds "11"]
[EventCountry "GER"]
[SourceTitle "EXT 2005"]
[Source "ChessBase"]
[SourceDate "2004.11.15"]
[SourceVersion "1"]
[SourceVersionDate "2004.11.15"]
[SourceQuality "1"]
[WhiteTeam "Emsdetten Rochade IV"]
[BlackTeam "Westerkappeln II"]
[WhiteTeamCountry "GER"]
[BlackTeamCountry "GER"]

1. d4 e6 2. c4 f5 3. Nf3 Nf6 4. Bg5 Be7 5. e3 c6 6. Be2 0-0 7. 0-0 d5 8. c5 Ne4 9. Bf4 b6 10. b4 a5 11. Qa4 Bd7 12. a3 bxc5 13. bxc5 Bf6 14. Ne5 Bxe5 15. Bxe5 Na6 16. Qc2 Nc7 17. a4 Na6 18. Bxa6 Rxa6 19. Nd2 Qg5 20. Rab1 Ra7 21. Rb6 Rc8 22. Rfb1 Qd8 23. Nxe4 fxe4 24. Rb8 Ra8 25. Rxc8 Bxc8 26. Rb6 Qd7 27. Qe2 Ra7 28. Rb8 Rb7 29. Rxb7 Qxb7 30. h4 Qe7 31. Qg4 Bd7 32. h5 h6 33. Qf4 Be8 34. g4 Qb7 35. Kg2 Qf7 36. Kg3 Qxf4+ 37. Kxf4 Kf7 38. f3 exf3 39. Kxf3 Bd7 40. e4 Bc8 41. exd5 exd5 42. Bc7 g6 43. hxg6+ Kxg6 44. Kf4 Kf6 45. Bxa5 Ba6 46. Bd8+ Ke6 47. a5 Be2 48. g5 hxg5+ 49. Bxg5 Kd7 50. Ke3 Bc4 51. Kd2 Kc7 52. Kc3 Kb7 53. Kb4 Ka6 1/2-1/2

[Event "Steinfurt Bezirksklasse 0304"]
[Site "Germany"]
[Date "2004.02.28"]
[Round "7.6"]
[White "Bartsch, Jan"]
[Black "Wienker, Christian"]
[Result "1/2-1/2"]
[WhiteElo "1487"]
[BlackElo "1165"]
[PlyCount "110"]
[EventDate "2003.09.27"]
[EventType "team-tourn"]
[EventRounds "11"]
[EventCountry "GER"]
[SourceTitle "EXT 2005"]
[Source "ChessBase"]
[SourceDate "2004.11.15"]
[SourceVersion "1"]
[SourceVersionDate "2004.11.15"]
[SourceQuality "1"]
[WhiteTeam "Saerbeck Falke III"]
[BlackTeam "Emsdetten Rochade IV"]
[WhiteTeamCountry "GER"]
[BlackTeamCountry "GER"]

1. e4 e5 2. Bc4 d6 3. d3 Nc6 4. Nc3 Nf6 5. Nge2 Be7 6. 0-0 Be6 7. Bb3 Qd7 8. f4 exf4 9. Nxf4 Nd4 10. Be3 Nxb3 11. axb3 Ng4 12. Qf3 Nxe3 13. Qxe3 0-0 14. Nxe6 Qxe6 15. Rxa7 Rxa7 16. Qxa7 Qc8 17. Ra1 f5 18. Qe3 b6 19. exf5 Qxf5 20. h3 Bh4 21. Ne4 Qe5 22. d4 Qf4 23. Qd3 d5 24. g3 dxe4 25. Qc4+ Qf7 26. Qxf7+ Kxf7 27. gxh4 Ke6 28. Re1 Kd5 29. c3 c5 30. dxc5 bxc5 31. Rf1 Rb8 32. Rd1+ Ke5 33. Kf2 Rxb3 34. Rd2 Kf4 35. Re2 Rb6 36. Kg2 e3 37. Kf1 Kf3 38. Ke1 c4 39. Kf1 Rh6 40. Rg2 Rxh4 41. Rxg7 Rxh3 42. Rf7+ Ke4 43. Ra7 Kd3 44. Kg2 Rh6 45. Kf3 Rh3+ 46. Kg2 Rh6 47. Kf3 Rh3+ 48. Kg2 Rh4 49. Kf3 Kc2 50. Kxe3 Kxb2 51. Kd2 Rh3 52. Rb7+ Ka3 53. Ra7+ Kb3 54. Rb7+ Ka4 55. Rb4+ Ka5 1/2-1/2

[Event "Steinfurt Bezirksklasse 0304"]
[Site "Germany"]
[Date "2003.09.27"]
[Round "1.6"]
[White "Schwarzenberger, Alexander"]
[Black "Wienker, Christian"]
[Result "0-1"]
[WhiteElo "1073"]
[BlackElo "1165"]
[PlyCount "82"]
[EventDate "2003.09.27"]
[EventType "team-tourn"]
[EventRounds "11"]
[EventCountry "GER"]
[SourceTitle "EXT 2005"]
[Source "ChessBase"]
[SourceDate "2004.11.15"]
[SourceVersion "1"]
[SourceVersionDate "2004.11.15"]
[SourceQuality "1"]
[WhiteTeam "Rheine SG II"]
[BlackTeam "Emsdetten Rochade IV"]
[WhiteTeamCountry "GER"]
[BlackTeamCountry "GER"]

1. d4 d5 2. c4 Bf5 3. Nc3 e6 4. Bf4 Bb4 5. e3 Nf6 6. Nge2 dxc4 7. a3 Bd6 8. g3 Ne4 9. Nb5 Bxf4 10. Nxf4 c6 11. Nc3 b5 12. Bg2 Nxc3 13. bxc3 0-0 14. a4 Qa5 15. e4 Qxc3+ 16. Kf1 Bg4 17. f3 Bxf3 18. Bxf3 e5 19. dxe5 Qxe5 20. axb5 cxb5 21. Qd5 Qxa1+ 22. Kg2 Qb2+ 23. Ne2 Na6 24. e5 Rad8 25. Qb7 Nc5 26. Qxa7 Ne4 27. Re1 Nc3 28. Qa5 Nxe2 29. Rxe2 Qb3 30. Bc6 Rb8 31. e6 fxe6 32. Rxe6 Qb2+ 33. Kh3 c3 34. Bd5 Kh8 35. Qc7 c2 36. Re7 c1Q 37. Qd7 Qf1+ 38. Kg4 Qd4+ 39. Re4 Qe2+ 40. Kh3 Qexe4 41. Qc7 Qdxd5 0-1

[Event "Steinfurt Kreisklasse 0203"]
[Site "Germany"]
[Date "2002.10.26"]
[Round "2.5"]
[White "Roos, Philipp"]
[Black "Wienker, Christian"]
[Result "0-1"]
[WhiteElo "992"]
[BlackElo "1134"]
[PlyCount "84"]
[EventDate "2002.09.21"]
[EventType "team-tourn"]
[EventRounds "10"]
[EventCountry "GER"]
[SourceTitle "EXT 2005"]
[Source "ChessBase"]
[SourceDate "2004.11.15"]
[SourceVersion "1"]
[SourceVersionDate "2004.11.15"]
[SourceQuality "1"]
[WhiteTeam "Saerbeck Falke IV"]
[BlackTeam "Emsdetten Rochade IV"]
[WhiteTeamCountry "GER"]
[BlackTeamCountry "GER"]

1. e4 e5 2. Nf3 Nc6 3. Bc4 h6 4. Nc3 Bc5 5. 0-0 a6 6. a4 d6 7. b3 Nd4 8. Nxd4 Bxd4 9. Bb2 Nf6 10. Rb1 0-0 11. b4 Be6 12. Bxe6 fxe6 13. d3 Nh7 14. Ne2 Bxb2 15. Rxb2 Qh4 16. Ng3 Rf7 17. Qh5 Qf4 18. Ne2 Qd2 19. Ng3 Raf8 20. Qe2 Qf4 21. c3 Nf6 22. Nh5 Nxh5 23. Qxh5 d5 24. exd5 Rf5 25. Qh3 exd5 26. Re2 d4 27. c4 b5 28. axb5 axb5 29. c5 c6 30. Re4 Qd2 31. Rg4 Rxf2 32. Rxg7+ Kxg7 33. Qg3+ Kh7 34. Qxf2 Rxf2 35. Rxf2 Qxb4 36. Rf7+ Kg6 37. Re7 Qxc5 38. Re6+ Kg5 39. Re8 b4 40. Rg8+ Kh5 41. g4+ Kh4 42. Kg2 Qd5+ 0-1